| 000 | 00698nam a2200193 a 4500 | ||
|---|---|---|---|
| 005 | 20140412111303.0 | ||
| 008 | 030414s19uu xx 00 eng d | ||
| 020 | _a0-06-444116-4 | ||
| 050 |
_aER _bAd23 1984 |
||
| 100 | _aRobins, Joan | ||
| 245 |
_aAddie meets max / _cby Joan Robins ; pictures by Sue Truesdell. |
||
| 260 |
_aNew York : _bHarperCollins Publishers Inc, _c1984. |
||
| 300 | _a31 p. ; ill ; 22 cm. | ||
| 440 | _aAn I Can Read Book, Level 2 | ||
| 520 | _aAddie discovers that the new boy next door, Max and his dog are not so terrible when she helps Max bury his newly lost tooth. | ||
| 650 | _aChildren's stories, American | ||
| 650 | _aFriendship--Fiction | ||
| 999 |
_c103543 _d103543 |
||